Pokyny pro vypracování a a rozvíjení vícejazyčných tezaurů. STN 01 0172. ISO 5964 : Účinnost: 1.4.1992

Guardado en:
Detalles Bibliográficos
Formato: Libro
Lenguaje:checo
Publicado: Praha : Vydavatelství norem, 1991
Materias:
Etiquetas: Agregar Etiqueta
Sin Etiquetas, Sea el primero en etiquetar este registro!

MARC

LEADER 00000nam a22000003a 4500
001 stu89724
005 20150408175145.4
008 040830s1991----cs------------------cze-d
040 |a STU  |b slo 
041 0 |a cze 
044 |a cs 
080 |a 025.48(083.74) 
245 |a Pokyny pro vypracování a a rozvíjení vícejazyčných tezaurů. STN 01 0172. ISO 5964 :  |b Účinnost: 1.4.1992 
260 |a Praha :  |b Vydavatelství norem,  |c 1991 
300 |a 57 s 
650 7 |a tezaury  |2 stusub 
996 |b 284M070121  |c M*N-309-1  |l MMKN  |s A  |a 24  |w stu89724_0001